000 00865nam a22002537a 4500
001 07609
003 HDC
007 cr bn ---
008 210128b2010 ||||| |||| 00| 0 eng d
040 _aHDC
100 _a DOLAN, SEAN
_eauthor
_98133
245 0 _aGLOBALIZING HALAL: TRACING THE FORMATION OF A SOCIAL CONCEPT / by
_cSEAN DOLAN
260 _a[No place] :
_bUMI Dessertation Publishing,
_c2010
300 _a1 online resource (130 pages)
336 _atext
_2rdacontent
337 _acomputer
_2rdamedia
338 _aonline resource
_2rdacarrier
650 _aHalal concept
_91118
650 _asocial concept
_98134
856 _zRequest full-text at [email protected]
942 _2lcc
942 _cTHE
942 _kTHES 000043
999 _c4932
_d4932